| 000 | 00387nam a2200157Ia 4500 | ||
|---|---|---|---|
| 008 | 151213s9999 xx 000 0 und d | ||
| 100 | _aGray Dessler | ||
| 245 |
_aHuman Research Management _cGray Dessler |
||
| 250 | _a10th | ||
| 260 |
_aNew Delhi _bPrentic Hall _c2005 |
||
| 300 | _a4994 p. | ||
| 650 | _aManagement | ||
| 650 | _aManagement | ||
| 700 | _aGray Dessler | ||
| 999 |
_c3109 _d3109 |
||